Podpora recyklácie v automobilovom priemysle prostredníctvom daňového systému

Téma životného prostredia a jeho ochrany sa v posledných rokoch dostáva do popredia celospoločenského vnímania ako jeden z globálnych problémov, ktorému ľudstvo v súčasnosti čelí. Poškodzovanie životného prostredia, či iné nešetrné zaobchádzanie s obnoviteľnými a neobnoviteľnými zdrojmi môže mať v d...

Descripción completa

Guardado en:
Detalles Bibliográficos
Autor principal: Válek, Juraj, 1981-
Otros Autores: Kušnírová, Jana, 1977-, Rabatinová, Marcela, 1977-, Gertler, Ľubomíra, 1977-
Formato: Capítulo de libro
Lenguaje:eslovaco
Materias:
Etiquetas: Agregar Etiqueta
Sin Etiquetas, Sea el primero en etiquetar este registro!

MARC

LEADER 00000naa$a2200000$$$4500
001 0306028
005 20250113104345.6
041 0 |a slo 
044 |a SK 
245 1 0 |a Podpora recyklácie v automobilovom priemysle prostredníctvom daňového systému  |c Juraj Válek, Jana Kušnírová, Marcela Rabatinová, Ľubomíra Gertler 
520 |a Téma životného prostredia a jeho ochrany sa v posledných rokoch dostáva do popredia celospoločenského vnímania ako jeden z globálnych problémov, ktorému ľudstvo v súčasnosti čelí. Poškodzovanie životného prostredia, či iné nešetrné zaobchádzanie s obnoviteľnými a neobnoviteľnými zdrojmi môže mať v dohľadnej budúcnosti za následok zhoršenie kvality života veľkej časti populácie. Nakoľko vzťah medzi vývojovým stupňom hospodárstva krajín a ich zodpovednosťou niesť následky za skôr vyprodukované znečistenie je lineárny, nie je náhoda, že lídrom v oblasti ochrany životného prostredia sa stávajú najviac rozvinuté krajiny sveta, a to najmä krajiny Európskej únie. 
610 2 0 |a prostredie životné 
610 2 0 |a recyklácia odpadu 
610 2 0 |a priemysel automobilový 
610 2 0 |a systém 
610 2 0 |a dane 
610 2 0 |a dane ekologické 
100 1 |a Válek, Juraj, 1981- 
700 1 |a Kušnírová, Jana, 1977- 
700 1 |a Rabatinová, Marcela, 1977- 
700 1 |a Gertler, Ľubomíra, 1977-